Jak (ne)poskytovat benefity

Účel poskytovania benefitov - ako nástroj odmeňovania alebo ako prostriedok starostlivosti o zamestnancov. Ako zvýšiť efektívnosť benefitov.

Gespeichert in:
Bibliographische Detailangaben
1. Verfasser: Urban, Jan
Format: Buchkapitel
Sprache:Tschechisch
Schlagworte:
Tags: Tag hinzufügen
Keine Tags, Fügen Sie das erste Tag hinzu!

MARC

LEADER 00000naa$a2200000$$$4500
001 0078860
005 20231019114307.2
041 0 |a cze 
044 |a CZ 
245 1 0 |a Jak (ne)poskytovat benefity  |c Jan Urban 
520 |a Účel poskytovania benefitov - ako nástroj odmeňovania alebo ako prostriedok starostlivosti o zamestnancov. Ako zvýšiť efektívnosť benefitov. 
610 2 0 |a podnik 
610 2 0 |a zamestnanci 
610 2 0 |a odmeňovanie 
610 2 0 |a starostlivosť o pracovníkov 
100 1 |a Urban, Jan